Statistics for 5 Largest Cities for Every Letter on Map

Click here to take the quiz!

General Stats

  • This quiz has been taken 256 times
  • The average score is 82 of 130

Answers on the Map

Answers color-coded by a green-red scale on the quiz's map according to % correct below.
Loading ...
 

Answer Stats

LetterPopulationCity% Correct
N22.4 milNew York City
98%
L14.7 milLondon
97%
M6.45 milMadrid
96%
M17.2 milMoscow
96%
M22.8 milMexico City
96%
P11.4 milParis
96%
R13.1 milRio de Janeiro
95%
L17.8 milLos Angeles
95%
T40.2 milTokyo
95%
C9.75 milChicago
95%
C18.2 milCairo
93%
J30.6 milJakarta
93%
L9.90 milLima
92%
B16.1 milBuenos Aires
92%
D28.4 milDelhi
92%
R3.58 milRome
92%
B9.65 milBogotá
91%
W2.30 milWarsaw
91%
M25.2 milManila
91%
S35.9 milShanghai
91%
I15.8 milIstanbul
91%
H6.35 milHouston
91%
B20.0 milBeijing
91%
S7.85 milSan Francisco
91%
V2.75 milVancouver
91%
S22.2 milSão Paulo
90%
V2.25 milVienna
89%
L18.8 milLagos
89%
J13.7 milJohannesburg
89%
D6.90 milDallas
89%
M24.7 milMumbai
89%
T7.35 milToronto
88%
A5.70 milAtlanta
88%
W8.40 milWashington D.C.
88%
A5.85 milAlexandria
88%
O17.7 milOsaka
88%
N4.23 milNaples
87%
G45.6 milGuangzhou
87%
T15.0 milTehran
87%
B18.4 milBangkok
87%
Q2.68 milQuito
85%
S24.7 milSeoul
85%
D5.70 milDetroit
85%
Z1.41 milZurich
85%
R7.75 milRiyadh
85%
P4.58 milPhoenix
84%
H8.30 milHo Chi Minh City
84%
K12.0 milKinshasa
84%
N5.95 milNairobi
82%
O3.38 milOrlando
82%
K8.70 milKuala Lumpur
82%
P7.35 milPhiladelphia
82%
F3.28 milFrankfurt
82%
D18.8 milDhaka
81%
K17.3 milKarachi
81%
H7.30 milHong Kong
80%
K16.6 milKolkata
78%
K6.15 milKhartoum
78%
D5.90 milDar es Salaam
77%
X6.80 milXi'an
77%
E0.97 milEdmonton
75%
G5.25 milGuadalajara
74%
C10.7 milChennai
73%
G3.15 milGuatemala City
73%
U1.39 milUlaanbaatar
73%
A5.30 milAmman
73%
L12.6 milLahore
72%
B11.5 milBangalore
72%
W8.10 milWuhan
71%
T9.10 milTaipei
70%
J4.78 milJeddah
69%
H9.20 milHyderabad
69%
I3.03 milIzmir
68%
A8.00 milAhmedabad
67%
E0.81 milEl Paso
66%
N10.5 milNagoya
66%
A5.35 milAbidjan
64%
X9.90 milXiamen
63%
T13.2 milTianjin
62%
O2.53 milOuagadougou
62%
R3.83 milRecife
62%
Y3.30 milYaoundé
61%
U3.98 milÜrümqi
59%
E7.31 milEssen
59%
Y1.65 milYekaterinburg
55%
Y5.50 milYangon
54%
C9.30 milChengdu
54%
C7.80 milChongqing
53%
N6.70 milNanjing
53%
G3.13 milGuayaquil
52%
P4.10 milPorto Alegre
52%
F3.65 milFortaleza
52%
P6.70 milPune
49%
O1.45 milOran
46%
U1.13 milUfa
45%
J3.85 milJaipur
45%
H8.45 milHangzhou
43%
Q5.95 milQingdao
43%
I3.15 milIsfahan
43%
I3.48 milIbadan
40%
F2.73 milFukuoka
38%
F4.25 milFuzhou
37%
E1.07 milErbil
36%
F3.58 milFaisalabad
35%
Z5.35 milZhengzhou
35%
S7.90 milShenyang
34%
R3.35 milRawalpindi
32%
Q1.26 milQom
31%
V2.00 milValencia
29%
W5.95 milWenzhou
23%
J4.25 milJinan
19%
Z3.45 milZibo
18%
I3.08 milIndore
18%
U1.11 milUlsan
17%
G3.20 milGuiyang
14%
O2.20 milOkayama
14%
V2.15 milVishakhapatnam
13%
V2.18 milVadodara
13%
Q1.40 milQuerétaro
12%
X2.83 milXuzhou
11%
Y2.15 milYantai
10%
Z1.61 milZhuhai
10%
W1.61 milWeifang
7%
X1.82 milXiangyang
7%
Y1.89 milYangzhou
7%
E0.80 milEnugu
7%
Z1.33 milZhangjiakou
7%
Q1.26 milQinhuangdao
6%
X2.18 milXinxiang
5%
U0.98 milUlanqab
3%

Score Distribution

Percentile by Number Answered

Percent of People with Each Score

Your Score History

You have not taken this quiz